000 00305nam a2200097 4500
245 _aEurope in question : theories of regional international integration
_cReginald J. Harrison
100 _aHarrison, Reginald J.
260 _aLondon
_bGeorge Allen & Unwin
_c1974
300 _a256p.; 23cm.
082 _a327
_bHAR
999 _c12490
_d12490